00393nam a22001457a 4500003000500000038001100005082001700016100001900033245004400052260004100096300001200137500001500149880003400164880004900198NUST awaseem a297.642bBAK aBukhari, Sajad aMominaan Diyaan Mawaan /cSajad Bukhari aJhang :bKitaab Publications,c2001. a85 p, ; aHardcover. 6100-01\raسجاد بخاری 6245-02\raمومناں دیاں ماواں /